000 00707cam a22002533a 4500
001 4670
003 PGUSA
005 20140828083103.0
008 031101s2003||||xxu|||||s|||||000 1 eng d
040 _aPGUSA
_beng
042 _adc
050 4 _aPS
050 4 _aPZ
100 1 _aBurgess, Thornton W.
_q(Thornton Waldo),
_d1874-1965
245 1 0 _aLightfoot the Deer
_h[electronic resource] /
_cThornton W. Burgess
260 _bProject Gutenberg,
_c2003
506 _aPublic domain in the USA.
516 _aElectronic text
653 _aForest animals -- Fiction
653 _aDeer -- Fiction
830 0 _aProject Gutenberg
_v4670
856 4 0 _uhttp://www.gutenberg.org/ebooks/4670
942 _cEB
999 _c233999
_d233999